| 000 | 01025aab a2200193 i 4500 | ||
|---|---|---|---|
| 001 | 768714001 | ||
| 003 | CO-MdFUSB | ||
| 005 | 20240422094155.0 | ||
| 008 | 220913s1994 ag ||||| |||| 00| 0 spa d | ||
| 040 |
_bspa _cCO-MdFUSB _dCO-MdFUSB |
||
| 041 | _aspa | ||
| 100 | 1 |
_aRomanenghi de Powell, Elsie _eautor |
|
| 245 | 3 |
_aEl optimismo peculiar de Fukuyama _c/ Elsie Romanenghi de Powell |
|
| 300 |
_aVolumen 13, número 4 (octubre-diciembre, 1994), páginas: 13 - 15 _c; 27 cm |
||
| 520 | _aSuponer que la gloria del hombre radica en ser reconocido por los demás y por sí mismo (además de sentirse rico y protegido), es una versión de la vida que nos parece no sólo ingenua, sino mezquina. El reconocimiento más hermoso no proviene ni de la autoestima ni del respeto de otros, no importa cuan valioso sean, sino de nuestro creador. | ||
| 650 | 7 |
_9405 _aSociología cristiana |
|
| 773 | 0 |
_tIglesia y Misión _049402 _959645 _gVolumen 13, número 4 (octubre-diciembre, 1994), páginas: 13 - 15 _qPáginas 13 |
|
| 942 | _cANA | ||
| 999 |
_c52089 _d52089 |
||